[Event "MSS-ch"]
[Site "CZE"]
[Date "1997.??.??"]
[Round "?"]
[White "Petrzela, P."]
[Black "Stefek, M."]
[Result "1-0"]
[WhiteElo "1880"]
[BlackElo "1750"]

1.d4 Nf6 2.c4 e6 3.g3 d5 4.Nf3 Be7 5.Bg2 O-O 6.O-O Nbd7 7.Qc2 c5 8.Nbd2 cxd4
9.Nxd4 e5 10.Nf5 Nb6 11.Nxe7+ Qxe7 12.cxd5 Nbxd5 13.Ne4 Nb4 14.Nxf6+ Qxf6
15.Qc5 Na6 16.Qc3 Rb8 17.b4 Qe7 18.b5 Nc7 19.a4 Bf5 20.Ba3  1-0

[Event "CZE-chT 9697"]
[Site "CZE"]
[Date "1997.??.??"]
[Round "2"]
[White "Chloupek, Stanislav"]
[Black "Cvek, Robert"]
[Result "1/2-1/2"]
[WhiteElo "2335"]
[BlackElo "2340"]

1.d4 Nf6 2.c4 e6 3.g3 d5 4.Bg2 Be7 5.Nf3 O-O 6.O-O Nbd7 7.Qc2 a6 8.Nbd2 c5
9.cxd5 exd5 10.dxc5 Nxc5 11.Nb3 Nce4 12.Nbd4 Bg4 13.Bf4 Rc8 14.Qb3 Nc5 15.Qd1 Qb6
16.Ne5 Be6 17.Rb1 Rfd8 18.Be3 Qd6 19.Nd3 Nfe4 20.Rc1 Bf6 21.Nxc5 Nxc5 22.Qd2 Ne4
23.Qd3 Nc5 24.Qa3 Ne4 25.Bxe4 Qxa3 26.bxa3 dxe4 27.Nxe6 fxe6 28.a4 h6 29.a5 Bg5
30.Bxg5 hxg5 31.Rxc8 Rxc8 32.Rb1 Rc7 33.e3 Kf7 34.Rb4 Kf6 35.Rxe4 Rc5 36.Ra4 Rc2
37.Kg2 Kf5 38.h3 g6 39.Kf3 Rb2 40.Kg2 Kf6 41.Kf3 Kf5 42.g4+ Kf6 43.Kg3 Re2
44.a3 Ra2 45.f4 gxf4+ 46.Rxf4+ Ke5 47.a4 Re2 48.Kf3 Rh2 49.Re4+ Kd5 50.Rd4+ Ke5
51.Kg3 Re2 52.Rb4 Rxe3+ 53.Kh4 Kf6 54.Rf4+ Kg7 55.g5 Re5 56.Rb4 Rxa5 57.Rxb7+ Kf8
58.Rb4 Rc5 59.Kg4 a5 60.Re4 Kf7 61.h4 Rc1 62.Rf4+ Kg7 63.Rd4 e5 64.Re4 Kf7
65.Rxe5 Rc4+ 66.Kg3 Rxa4 67.Rb5  1/2-1/2

[Event "CZE-chT 9697"]
[Site "CZE"]
[Date "1997.??.??"]
[Round "4"]
[White "Jedlicka, Ales"]
[Black "Korenek, Petr"]
[Result "0-1"]
[WhiteElo "2160"]
[BlackElo "2240"]

1.d4 d5 2.c4 e6 3.Nf3 Nf6 4.g3 Be7 5.Bg2 O-O 6.O-O dxc4 7.Qc2 a6 8.a4 Nc6
9.Qxc4 Qd5 10.Nbd2 Rd8 11.e3 Qh5 12.b3 e5 13.dxe5 Ng4 14.h3 Ngxe5 15.Nxe5 Nxe5
16.Qxc7 Bf6 17.Ne4 Bxh3 18.Nxf6+ gxf6 19.Bxh3 Qxh3 20.Qxb7 Rab8 21.Qg2 Qf5
22.f4 Ng4 23.Qe2 Rxb3 24.Ra3 Rdd3 25.Rxb3 Rxb3 26.Rd1 Rc3 27.Qd2 Rc2 28.Qd8+ Kg7
29.Ba3 Nxe3 30.Rd2 Rxd2 31.Qxd2 Nc4 32.Qc1 Qd3 33.Bb4 Qxg3+ 34.Kh1 Qh3+ 35.Kg1 Ne3
36.Qd2 Qf1+ 37.Kh2 Qxf4+ 38.Kg1 Qg3+ 39.Kh1 Qf3+ 40.Kg1 Qg3+ 41.Kh1 Qf3+
42.Kg1 h5 43.Bc3 h4 44.Bd4 Qg4+ 45.Kh1 Nf5  0-1

[Event "CZE-chT 9697"]
[Site "CZE"]
[Date "1997.??.??"]
[Round "5"]
[White "Bretsnajdr, Vladimir"]
[Black "Tichy, Vladimir"]
[Result "1/2-1/2"]
[WhiteElo "2290"]
[BlackElo "2360"]

1.Nf3 d5 2.d4 Nf6 3.c4 e6 4.g3 Be7 5.Bg2 O-O 6.O-O b6 7.Qc2 Bb7 8.Rd1 Na6
9.a3 c5 10.cxd5 exd5 11.Nc3 Nc7 12.Bf4 Ne6 13.Be5 c4 14.Bxf6 Bxf6 15.e4 dxe4
16.Nxe4 Bxe4 17.Qxe4 Qd6 18.d5 Nc5 19.Qxc4 Bxb2 20.Ra2 Bf6 21.Nd4 Bxd4 22.Rxd4 Rfe8
23.Re2 Kf8 24.Rdd2 Rxe2 25.Rxe2 Re8 26.Rxe8+ Kxe8 27.f4 Nd7 28.Qe4+ Qe7 29.Qxh7 Qe3+
30.Kf1 Qc1+ 31.Kf2 Qb2+ 32.Kf1 g6 33.a4 Qc1+ 34.Kf2 Qd2+ 35.Kf1 Nf6 36.Qh8+ Ke7
37.Bf3 Qc1+ 38.Kg2 Qc2+ 39.Kf1 Qc1+  1/2-1/2

[Event "CZE-chT 9697"]
[Site "CZE"]
[Date "1997.??.??"]
[Round "8"]
[White "Chloupek, Stanislav"]
[Black "Mojzis, Jaroslav"]
[Result "1-0"]
[WhiteElo "2335"]
[BlackElo "2230"]

1.d4 Nf6 2.c4 e6 3.g3 Be7 4.Bg2 d5 5.Nf3 O-O 6.O-O c6 7.Nbd2 Nbd7 8.Qc2 b6
9.e4 Bb7 10.b3 Rc8 11.Bb2 c5 12.exd5 exd5 13.Qf5 dxc4 14.Nxc4 cxd4 15.Nxd4 Bxg2
16.Kxg2 Rc5 17.Qf3 b5 18.Ne3 Ne5 19.Qe2 Qa8+ 20.Kg1 Rd8 21.f4 Ng6 22.Rad1 Nd5
23.Nxd5 Rcxd5 24.Nf3 Bc5+ 25.Kg2 a6 26.Qe4 Rxd1 27.Qxa8 Rd2+ 28.Nxd2 Rxa8
29.Ne4 Bb6 30.f5 Ne7 31.f6 Nd5 32.Rc1 Nxf6 33.Nxf6+ gxf6 34.Bxf6 Bd8 35.Be5 Be7
36.Rc6 Bf8 37.Kf3 Re8 38.Kf4 Re6 39.Rc8 f6 40.Bd4 Kf7 41.Kf5 Rd6 42.Rxf8+ Kg7
43.Rd8 Rc6  1-0

[Event "CZE-chT 9697"]
[Site "CZE"]
[Date "1997.??.??"]
[Round "10"]
[White "Beil, Zdenek"]
[Black "Jirovsky, Petr"]
[Result "0-1"]
[WhiteElo "2325"]
[BlackElo "2300"]

1.d4 Nf6 2.c4 e6 3.g3 d5 4.Nf3 Be7 5.Bg2 O-O 6.O-O Nbd7 7.b3 c6 8.Bb2 b6
9.Nbd2 Bb7 10.e3 Rc8 11.Qe2 Rc7 12.Rac1 Qa8 13.cxd5 exd5 14.Rc2 a5 15.Rfc1 Re8
16.Ne5 Bd6 17.f4 c5 18.g4 Nf8 19.g5 N6d7 20.Qf3 a4 21.h4 c4 22.Nf1 b5 23.Qg4 a3
24.Ba1 Nxe5 25.fxe5 cxb3 26.Rxc7 Bxc7 27.Rxc7 b2 28.Qf5 Ne6 29.Rxb7 bxa1=Q
30.Bxd5 Rf8 31.h5 Qd8  0-1

[Event "Dhaka"]
[Site "Dhaka"]
[Date "1997.??.??"]
[Round "10"]
[White "Szekely, Peter"]
[Black "Reefat bin Satter"]
[Result "1/2-1/2"]
[WhiteElo "2455"]
[BlackElo "2410"]

1.Nf3 d5 2.c4 e6 3.g3 Nf6 4.Bg2 Be7 5.d4 O-O 6.Qc2 a6 7.Nbd2 Nc6 8.O-O dxc4
9.Qxc4 Qd5 10.b3 b5 11.Qxd5 exd5 12.Bb2 Bb7 13.Rac1 Bd6 14.Ne5 Ne7 15.Nd3 Rfe8
16.Rfd1 a5 17.a3 a4 18.b4 Rad8 19.Nf3 Nc8 20.Nde5 Nb6 21.e3  1/2-1/2

[Event "ROM-chT"]
[Site "Eforie Nord"]
[Date "1997.??.??"]
[Round "?"]
[White "Ghinda, Mihail Viorel"]
[Black "Sofronie, Iulian"]
[Result "1/2-1/2"]
[WhiteElo "2455"]
[BlackElo "2415"]

1.d4 Nf6 2.g3 e6 3.c4 d5 4.Nf3 Be7 5.Bg2 O-O 6.O-O b6 7.Qc2 Bb7 8.Rd1 dxc4
9.Na3 Nc6 10.Nxc4 Nb4 11.Qb3 a5 12.a4 Bd5 13.Bd2 c6 14.Bxb4 Bxb4 15.Qc2 b5
16.Ne3 Rc8 17.Ne5 Qb6 18.Rac1 Qa6 19.Qd3 Qb7 20.Bxd5 exd5 21.axb5 cxb5 22.Nf5 Ne4
23.Qf3 g6 24.Rxc8 Qxc8 25.Ne3 Qb7 26.h4 Rc8 27.h5 Bf8 28.Nd3 Bh6 29.Nf4 Bxf4
30.Qxf4 Qc6 31.Kg2 Qe6 32.Rh1 g5 33.Qf3 h6 34.Rd1 a4 35.g4 Kh7 36.Ra1 Nd2
37.Qxd5 Qxd5+ 38.Nxd5 Rc2 39.Ra2 Nc4 40.Kf3 a3 41.Rxa3 Nxa3 42.bxa3 Ra2 43.Ke3 Rxa3+
44.Kd2 Ra2+ 45.Kd3  1/2-1/2

[Event "FRA-chT9697 groupe A"]
[Site "France"]
[Date "1997.??.??"]
[Round "1"]
[White "Harovelo, Ingmar"]
[Black "Verat, Laurent"]
[Result "1/2-1/2"]
[WhiteElo "2240"]
[BlackElo "2300"]

1.d4 Nf6 2.c4 e6 3.Nf3 d5 4.g3 Be7 5.Bg2 O-O 6.O-O b6 7.Nc3 Bb7 8.Ne5 Na6
9.Bg5 c5 10.Rc1 h6 11.Bf4 cxd4 12.Qxd4 g5 13.Be3 Bc5 14.Qd2 Bxe3 15.fxe3 Nc5
16.Rcd1 Qe7 17.b4 Nce4 18.Nxe4 dxe4 19.Rxf6 Qxf6 20.Nd7 Qe7 21.Nxf8 Rxf8
22.Qd7 Qxd7 23.Rxd7 Rb8 24.g4 Kf8 25.Kf2 Ke8 26.Rc7 a5 27.b5 Ba8 28.Ke1 Rd8
29.c5 bxc5 30.b6 Rb8 31.Rxc5 a4 32.Rc4 a3 33.Bxe4 Bxe4 34.Rxe4 Rxb6 35.Ra4 Rb1+
36.Kf2 Rh1 37.Kg2 Re1 38.Kf2 Rh1 39.Kg2 Re1 40.Kf2  1/2-1/2

[Event "FRA-chT9697 groupe A"]
[Site "France"]
[Date "1997.??.??"]
[Round "1"]
[White "Adrian, Claude"]
[Black "Beikert, Guenther"]
[Result "0-1"]
[WhiteElo "2340"]
[BlackElo "2435"]

1.Nf3 d5 2.d4 Nf6 3.c4 e6 4.g3 Be7 5.Bg2 O-O 6.O-O b6 7.Nc3 Bb7 8.cxd5 exd5
9.Ne5 Na6 10.Bf4 c6 11.Rc1 Re8 12.Qc2 Rc8 13.Bh3 Rc7 14.Rfd1 Bd6 15.Nd3 Ne4
16.f3 Ng5 17.Bg2 Ne6 18.Be3 Qf6 19.Nf2 h5 20.Qd2 Nb8 21.Nh3 Rce7 22.Bf2 c5
23.Nb5 cxd4 24.Nxd4 Nxd4 25.Bxd4 Qf5 26.Qd3 Qxd3 27.exd3 Nc6 28.Bf2 Re2 29.f4 Rxb2
30.Bxd5 Na5 31.Bxb7 Nxb7 32.a4 f6 33.Re1 Rxe1+ 34.Rxe1 Kf7 35.Kf1 Ra2 36.Re4 Nc5
37.Bxc5 Bxc5 38.f5 Rxh2 39.Nf4 Rf2+ 40.Ke1 Rf3 41.d4 Bd6 42.Ke2 Rxg3 43.Ne6 Rg4
44.Nd8+ Kf8 45.Re6 Rxd4 46.Nc6 Rd5 47.Nxa7 Rxf5 48.a5 bxa5  0-1

[Event "Franfurt CC Ordix"]
[Site "Frankfurt"]
[Date "1997.??.??"]
[Round "4"]
[White "Gasthofer, Viktor"]
[Black "Koglin, Anke"]
[Result "1-0"]
[WhiteElo "2380"]
[BlackElo "2200"]

1.c4 e6 2.Nf3 d5 3.d4 Nf6 4.g3 Be7 5.Bg2 O-O 6.O-O dxc4 7.Qc2 a6 8.a4 Bd7
9.Rd1 Bc6 10.Nc3 Nbd7 11.e4 b5 12.d5 exd5 13.Nd4 Bb7 14.exd5 b4 15.Nc6 Bxc6
16.dxc6 bxc3 17.Qxc3 Rb8 18.cxd7 Bd6 19.Qxc4 Qxd7 20.Qxa6 Qf5 21.Qd3 Qh5
22.Qf3 Qa5 23.Bd2 Qa7 24.Bc3 Ne8 25.a5 Bc5 26.Ra4 Nd6 27.Rg4 Ne8 28.Rxg7+ Nxg7
29.Qf6  1-0

[Event "Frydek-Mistek op-B"]
[Site "Frydek-Mistek"]
[Date "1997.??.??"]
[Round "4"]
[White "Splosnov, Sergei"]
[Black "Furman, Boris"]
[Result "1-0"]
[WhiteElo "2280"]
[BlackElo "2250"]

1.d4 Nf6 2.Nf3 d5 3.c4 e6 4.g3 Be7 5.Bg2 O-O 6.O-O dxc4 7.Qc2 a6 8.Qxc4 b5
9.Qc2 Bb7 10.Bd2 Nbd7 11.Ba5 Ra7 12.Nbd2 Qc8 13.Rac1 c5 14.dxc5 Bxc5 15.Nb3 Bb6
16.Qxc8 Bxc8 17.Nfd4 Bxa5 18.Nc6 Rc7 19.Ne7+ Kh8 20.Nxa5 Nc5 21.Nec6 Nb7
22.Nb3 Nd6 23.Ne5 Re7 24.Rfd1 Nfe8 25.Nc5 f6 26.Nc6 Rc7 27.Nd8 Re7 28.Ne4 Nxe4
29.Bxe4 Bd7 30.Bc6 Bc8 31.Bxe8 Rexe8 32.Rxc8 Kg8 33.Rd7  1-0

[Event "Gent op"]
[Site "Gent"]
[Date "1997.??.??"]
[Round "8"]
[White "Den Boer, Ber"]
[Black "Lacrosse, Marc"]
[Result "1-0"]
[WhiteElo "2350"]
[BlackElo "2300"]

1.d4 d5 2.Nf3 Nf6 3.c4 e6 4.g3 Be7 5.Bg2 O-O 6.O-O dxc4 7.Ne5 Nc6 8.Bxc6 bxc6
9.Nxc6 Qe8 10.Nxe7+ Qxe7 11.Qa4 a5 12.Qxc4 Ba6 13.Qc2 Rfd8 14.Rd1 Rab8 15.Nc3 Qb4
16.Bg5 Qxb2 17.Rac1 Qa3 18.Ne4 Nxe4 19.Bxd8 Rxd8 20.Qxe4 Qxa2 21.Qc2 Qxc2
22.Rxc2 Bb5 23.Ra1 a4 24.Rxc7 Bxe2 25.Rxa4 Bf3 26.Rac4  1-0

[Event "Bundesliga 9697"]
[Site "Germany"]
[Date "1997.??.??"]
[Round "?.4"]
[White "Kachiani Gersinska, Ketino"]
[Black "Vaganian, Rafael A"]
[Result "0-1"]
[WhiteElo "2375"]
[BlackElo "2585"]

1.d4 e6 2.c4 Nf6 3.g3 d5 4.Nf3 Be7 5.Bg2 O-O 6.O-O c6 7.Qc2 Nbd7 8.b3 b6
9.Rd1 Bb7 10.Nc3 c5 11.dxc5 Bxc5 12.Bb2 dxc4 13.bxc4 Qe7 14.Qd2 Rfe8 15.Qg5 Rad8
16.Qh4 Nf8 17.Nb5 Rxd1+ 18.Rxd1 Rd8 19.Rxd8 Qxd8 20.Bxf6 gxf6 21.Qg4+ Ng6
22.Nxa7 Qa8 23.Nb5 Qxa2 24.Bf1 f5 25.Qh5 h6 26.h3 Qxc4 27.e3 Qd5 28.Bg2 Qd1+
29.Kh2 Qe2  0-1

[Event "BL2-S9798"]
[Site "Germany"]
[Date "1997.??.??"]
[Round "?.2"]
[White "Ivanov, Mikhail M"]
[Black "Kabatianski, Alexandr"]
[Result "1-0"]
[WhiteElo "2445"]
[BlackElo "2445"]

1.Nf3 Nf6 2.c4 e6 3.g3 d5 4.d4 Be7 5.Bg2 O-O 6.Qc2 c5 7.dxc5 Qa5+ 8.Qc3 Qxc5
9.cxd5 Qxd5 10.O-O Nc6 11.Bf4 Qb5 12.Qc2 Nb4 13.Qd1 Rd8 14.Nc3 Rxd1 15.Nxb5 Rxa1
16.Rxa1 Bd7 17.Nfd4 Nfd5 18.Bd6 a6 19.Bxe7 axb5 20.Bxb4 Nxb4 21.Bxb7 Ra7
22.a3 e5 23.Nb3 Rxb7 24.axb4 Rb8 25.Nc5 Bh3 26.f3 h5 27.Kf2 g6 28.Nd3 Re8
29.Ra5 e4 30.fxe4 Rxe4 31.Rxb5 Bg4 32.Re5  1-0

[Event "Bundesliga 9697"]
[Site "Germany"]
[Date "1997.??.??"]
[Round "?.4"]
[White "Meins, Gerlef"]
[Black "Donev, Ivo Hristov"]
[Result "1-0"]
[WhiteElo "2465"]
[BlackElo "2420"]

1.d4 d5 2.c4 e6 3.Nf3 Nf6 4.g3 Be7 5.Bg2 O-O 6.O-O dxc4 7.Ne5 c5 8.dxc5 Bxc5
9.Nc3 Qe7 10.Bg5 Rd8 11.Qc1 Nbd7 12.Nxc4 h6 13.Be3 Rb8 14.Rd1 b6 15.Nb5 Ba6
16.Nxa7 Bxe3 17.Nxe3 Ne5 18.Rxd8+ Rxd8 19.Qc3 Qxa7 20.Qxe5 Bxe2 21.Qc3 b5
22.a3 Qd4 23.Qxd4 Rxd4 24.b3 Nd7 25.Ra2 Bd1 26.Nxd1 Rxd1+ 27.Bf1 Nc5 28.Kg2 Nxb3
29.Bxb5 Nd4 30.Bf1 Kf8 31.a4 Ke7 32.a5 Nc6 33.a6 Na7 34.h4 h5 35.Be2 Rd5
36.Bf3 Rb5 37.Be2 Rd5 38.Rb2 g6 39.Kf3 Rd7 40.Ke4 Rc7 41.Rb7 Rd7 42.Ke5 Nc6+
43.Kf4 Na7 44.Kg5 Rxb7 45.axb7 Nc6 46.Bb5 Nb8 47.f4 Kd6 48.Kf6 Kc5 49.Bf1 Kd4
50.Kxf7 Ke3 51.Kxe6 Kf2 52.Bb5 Kxg3 53.Kd6  1-0

[Event "Oberliga Nord O9697"]
[Site "Germany"]
[Date "1997.??.??"]
[Round "?"]
[White "Muse, Drazen"]
[Black "Lueders, Gerhard"]
[Result "0-1"]
[WhiteElo "2335"]
[BlackElo "2195"]

1.d4 d5 2.c4 e6 3.Nf3 Be7 4.g3 Nf6 5.Bg2 O-O 6.O-O c5 7.cxd5 Nxd5 8.e4 Nf6
9.Nc3 Nc6 10.d5 exd5 11.e5 Nd7 12.Nxd5 Ndxe5 13.Nxe5 Nxe5 14.Re1 Bd6 15.Bf4 f6
16.Rc1 Bg4 17.Qd2 Kh8 18.Bxe5 fxe5 19.Ne3 Bf3 20.Bxf3 Rxf3 21.Red1 Rf6 22.Rxc5 Qb6
23.Rd5 Bc5 24.Rxe5 Raf8 25.Rf1 h6 26.Kg2 Bd6 27.Re4 Rd8 28.Rd1 Qc6 29.f3 Bc7
30.Qe2 Rdf8 31.Rf4 Bxf4 32.gxf4 Rxf4 33.Rd3 Qe6 34.Kf1 Qxa2 35.Qd2 Qe6 36.Kg2  0-1

[Event "BL2-N9697"]
[Site "Germany"]
[Date "1997.??.??"]
[Round "?.3"]
[White "Hegeler, Frank"]
[Black "Blauert, Joerg"]
[Result "1/2-1/2"]
[WhiteElo "2310"]
[BlackElo "2395"]

1.d4 e6 2.c4 d5 3.Nf3 Nf6 4.g3 Be7 5.Bg2 O-O 6.O-O c5 7.cxd5 exd5 8.Nc3 Nc6
9.Bg5 c4 10.Ne5 Be6 11.Nxc6 bxc6 12.b3 Qa5 13.Qc2 Rfd8 14.e3 c5 15.bxc4 cxd4
16.Bxf6 Bxf6 17.Nxd5 Bxd5 18.Bxd5 dxe3 19.Rab1 exf2+ 20.Qxf2  1/2-1/2

[Event "Oberliga Nord N9697"]
[Site "Germany"]
[Date "1997.??.??"]
[Round "?"]
[White "Kunsztowicz, Uwe"]
[Black "Krause, Ullrich"]
[Result "0-1"]
[WhiteElo "2355"]
[BlackElo "2270"]

1.d4 d5 2.Nf3 Nf6 3.c4 e6 4.g3 Be7 5.Bg2 O-O 6.O-O c6 7.b3 Nbd7 8.Bb2 b5
9.Ne5 Bb7 10.Nd2 a5 11.e4 a4 12.exd5 exd5 13.cxb5 a3 14.Bxa3 Rxa3 15.bxc6 Nxe5
16.dxe5 Bxc6 17.Qc1 Qa8 18.exf6 Bxf6 19.Nb1 Ra6 20.Nd2 Bxa1 21.Qxa1 Rxa2
22.Qd4 Qa3 23.Rb1 Ra8 24.Bxd5 Ra1 25.Bxc6 Rxb1+ 26.Kg2 Qa1 27.Qxa1 Raxa1
28.Nxb1 Rxb1 29.Bd5 Rb2 30.h4 Kf8 31.g4 Ke7 32.Kg3 f6 33.f4 Kd6 34.Bg8 h6
35.g5 hxg5 36.fxg5 Ke5 37.gxf6 Kxf6 38.Bd5 Rd2 39.Bg8 Kg6 40.Bc4 Kh6 41.Kh3 Rd4
42.Bf7 g6 43.Bc4 Re4 44.Bd5 Re5 45.Bf7 Kh5 46.Kg3 Re3+ 47.Kf4 Re7 48.Bd5 Kxh4
49.b4 g5+ 50.Kf5 g4 51.b5 g3 52.Kf6 Re2 53.b6 g2 54.b7 g1=Q 55.b8=Q Qg5+  0-1

[Event "Landesliga Sued 9697 Bayern"]
[Site "Germany"]
[Date "1997.??.??"]
[Round "?"]
[White "Eitel, Harald"]
[Black "Magg, Christian"]
[Result "0-1"]
[WhiteElo "2140"]
[BlackElo "2120"]

1.d4 Nf6 2.Nf3 e6 3.g3 d5 4.Bg2 Be7 5.c4 O-O 6.O-O c6 7.Qc2 Nbd7 8.b3 Ne4
9.Bb2 a5 10.Nfd2 Nxd2 11.Nxd2 b6 12.e4 Bb7 13.Rac1 Rc8 14.Qb1 Re8 15.Rfd1 Nf8
16.Nf1 Rc7 17.Ne3 Rd7 18.cxd5 cxd5 19.exd5 exd5 20.h4 Bb4 21.Qd3 Rde7 22.Bf3 Rxe3
23.fxe3 Bd6 24.Kf2 Nd7 25.Rc2 Nf6 26.Bc3 Bc8 27.Be1 Ng4+ 28.Bxg4 Bxg4 29.Rdc1 Qf6+
30.Kg1 Bf5 31.Qf1 Rxe3 32.Rc6 Qxd4 33.Rc8+ Bxc8 34.Rxc8+ Bf8 35.Kh2 Qb2+
36.Kh3 Qe5  0-1

[Event "BL2-S9697"]
[Site "Germany"]
[Date "1997.??.??"]
[Round "?.6"]
[White "Stoll, Ferdinand"]
[Black "Gerigk, Erasmus"]
[Result "1/2-1/2"]
[WhiteElo "2250"]
[BlackElo "2265"]

1.c4 e6 2.g3 Nf6 3.Bg2 d5 4.Nf3 Be7 5.d4 O-O 6.O-O dxc4 7.Qc2 a6 8.a4 Bd7
9.Qxc4 Bc6 10.Bf4 a5 11.Nc3 Na6 12.Rfd1 h6 13.Rac1 Bd6 14.Be5 Bxe5 15.Nxe5 Bxg2
16.Kxg2 Qe7 17.Nd3 Rfd8 18.e3 Nb4  1/2-1/2

[Event "NRW-Liga 9798"]
[Site "Germany"]
[Date "1997.??.??"]
[Round "1.6"]
[White "Berg, Michael"]
[Black "Prange, Stefan"]
[Result "1-0"]
[WhiteElo "2265"]
[BlackElo "2190"]

1.d4 Nf6 2.c4 e6 3.Nf3 d5 4.g3 Be7 5.Bg2 Nbd7 6.O-O O-O 7.Nbd2 c6 8.Qc2 b6
9.e4 dxe4 10.Nxe4 Bb7 11.Rd1 Qc8 12.Nxf6+ Nxf6 13.Ne5 c5 14.d5 exd5 15.cxd5 Bd6
16.Nc4 Qd7 17.Bg5 Ne8 18.a4 h6 19.Be3 Rc8 20.a5 b5 21.Nxd6 Qxd6 22.a6 Bxa6
23.Bf4 Qb6 24.d6 Nf6 25.d7  1-0

[Event "BL2-O9798"]
[Site "Germany"]
[Date "1997.??.??"]
[Round "2.5"]
[White "Prochnow, Mario"]
[Black "Del Rio, Roland"]
[Result "1-0"]
[WhiteElo "2260"]
[BlackElo "2245"]

1.d4 Nf6 2.c4 e6 3.Nf3 d5 4.g3 Be7 5.Bg2 O-O 6.O-O dxc4 7.Ne5 c5 8.dxc5 Bxc5
9.Nc3 Qc7 10.Nxc4 Bxf2+ 11.Rxf2 Qxc4 12.Rxf6 gxf6 13.Bh6 Nc6 14.e3 f5 15.Ne4 f6
16.Bxf8 Kxf8 17.Qd6+ Kg7 18.Qc7+ Kg6 19.Nd6 Qe2 20.Qf7+ Kh6 21.Qf8+ Kh5 22.Qf7+ Kh6
23.Qxf6+ Kh5 24.Ne8 Qxe3+ 25.Kh1 Qg5 26.Bf3+  1-0

[Event "BL2-N9798"]
[Site "Germany"]
[Date "1997.??.??"]
[Round "2.1"]
[White "Lagunow, Alexander"]
[Black "Hedke, Fred"]
[Result "0-1"]
[WhiteElo "2450"]
[BlackElo "2335"]

1.Nf3 d5 2.d4 Nf6 3.c4 e6 4.g3 Be7 5.Bg2 O-O 6.O-O dxc4 7.Ne5 Nc6 8.Bxc6 bxc6
9.Nxc6 Qe8 10.Nxe7+ Qxe7 11.Qa4 e5 12.dxe5 Qxe5 13.Qxc4 Be6 14.Qd3 Rad8 15.Qe3 Qh5
16.f3 Bc4 17.Re1 Rfe8 18.Qg5 Rxe2 19.Rxe2 Rd1+ 20.Kg2 Qxg5 21.Bxg5 Bxe2 22.a4 Bd3
23.Ra3 Bxb1 24.Rb3 h6 25.Rb8+ Kh7 26.Bxf6 gxf6 27.Rb7 Rd2+ 28.Kh3 f5 29.Rxc7 Bd3
30.g4 Kg6 31.gxf5+ Bxf5+ 32.Kg3 Rd7 33.Rc6+ Be6 34.b4 Rd4 35.Rc7 Rxb4 36.Rxa7 Rb3
37.Ra5 Rd3 38.Kf2 Rd5 39.Ra6 Kf5 40.Ke3 Rc5 41.Rd6 Rc3+ 42.Kf2 Rc4 43.a5 Kf4  0-1

[Event "Groningen op"]
[Site "Groningen"]
[Date "1997.??.??"]
[Round "8"]
[White "Cvitan, Ognjen"]
[Black "Ippolito, Dean"]
[Result "0-1"]
[WhiteElo "2570"]
[BlackElo "2390"]

1.Nf3 Nf6 2.d4 d5 3.c4 e6 4.g3 Be7 5.Bg2 O-O 6.O-O dxc4 7.Qc2 a6 8.a4 c5
9.dxc5 Nc6 10.Bf4 Bxc5 11.Nbd2 c3 12.Qxc3 Qe7 13.Nc4 Nd5 14.Qb3 Nxf4 15.gxf4 Bd7
16.Rfd1 Rfd8 17.e3 Rab8 18.Ng5 e5 19.Qc2 g6 20.Rxd7 Rxd7 21.Bxc6 exf4 22.Bxd7 Qxg5+
23.Kf1 f3 24.Bh3 Qh5 25.Bg2 fxg2+ 26.Kg1 b5 27.axb5 axb5 28.Nd2 Bd6 29.f4 Qe2
30.Qc3 Re8 31.Qd4 Qxe3+ 32.Qxe3 Rxe3 33.Kxg2 Re2+  0-1

[Event "Perenyi  Memorial"]
[Site "Gyula"]
[Date "1997.??.??"]
[Round "7"]
[White "Almasi, Istvan"]
[Black "Lauber, Arnd"]
[Result "1/2-1/2"]
[WhiteElo "2415"]
[BlackElo "2360"]

1.Nf3 Nf6 2.c4 e6 3.g3 d5 4.d4 Be7 5.Bg2 O-O 6.O-O dxc4 7.Qc2 a6 8.Qxc4 b5
9.Qc2 Bb7 10.Bd2 Nbd7 11.Ba5 Rc8 12.Nbd2 Nb8 13.a3 Nc6 14.Bc3 b4 15.axb4 Nxb4
16.Qb3 Bd5 17.Qa4 Bc6 18.Qa5 Rb8 19.Ne5 Bxg2 20.Kxg2 Rb5 21.Qa4 c5 22.dxc5 Bxc5
23.Ndf3 Qe7 24.Bxb4 Bxb4 25.Qxa6 Qb7 26.Nc6 g6 27.Rfc1 Kg7 28.Rc4 Bd6 29.e4 Qxa6
30.Rxa6 Rxb2 31.Nce5 Bxe5 32.Nxe5 Rb7 33.f3  1/2-1/2

[Event "Perenyi  Memorial"]
[Site "Gyula"]
[Date "1997.??.??"]
[Round "9"]
[White "Ruck, Robert"]
[Black "Estrella, J."]
[Result "1/2-1/2"]
[WhiteElo "2450"]
[BlackElo "2340"]

1.c4 e6 2.g3 d5 3.Bg2 Nf6 4.d4 Be7 5.Nf3 O-O 6.O-O dxc4 7.Na3 Bxa3 8.bxa3 Bd7
9.Ne5 Bc6 10.Nxc6 Nxc6 11.Bb2 Nd5 12.Rb1 Nb6 13.e3 Qd6 14.Qc2 Rab8 15.Rfd1 Rfd8
16.e4 e5 17.d5 Nd4 18.Bxd4 exd4 19.Rxd4 c6 20.a4 cxd5 21.exd5 Qa3 22.Rb5 Qxa4
23.Qxa4 Nxa4 24.Rxc4 a6 25.Ra5 Nb6 26.Rb4 Rd6 27.Rc5 Rbd8 28.a4 g6 29.a5 Nd7
30.Rc7 b6 31.axb6 Nxb6 32.Rc6 Nc8 33.Rxd6 Nxd6 34.Rb6 a5 35.Ra6 Nc4 36.Bf1 Nd2
37.Rxa5 Nxf1 38.Kxf1 Kg7 39.Ke2 Kf6 40.Ke3 Ke5 41.f4+ Kd6 42.Ra7 Kxd5 43.Rxf7 Rh8
44.g4 Ke6 45.Ra7 h5 46.Ra6+ Kf7 47.Ra7+ Ke6 48.Ra6+ Kf7 49.g5 Rb8 50.Kd4 Rb4+
51.Ke5 Rb5+ 52.Kd6 Rf5 53.Ra7+ Kf8 54.Ra4 Kf7 55.h4 Kf8 56.Ke6 Kg7 57.Ra7+ Kg8
58.Ra8+  1/2-1/2

[Event "Perenyi  Memorial"]
[Site "Gyula"]
[Date "1997.??.??"]
[Round "11"]
[White "Ruck, Robert"]
[Black "Vadasz, Laszlo"]
[Result "1-0"]
[WhiteElo "2450"]
[BlackElo "2365"]

1.d4 Nf6 2.c4 e6 3.g3 d5 4.Bg2 Be7 5.Nf3 O-O 6.O-O Nbd7 7.b3 b6 8.Nc3 Bb7
9.Bf4 a6 10.Rc1 Rc8 11.cxd5 exd5 12.Ne5 Re8 13.Bh3 Ra8 14.Qd3 Nf8 15.Na4 Bd6
16.Qc2 Ne6 17.Be3 Nxd4 18.Bxd4 c5 19.Nxf7 Kxf7 20.Bxf6 Qxf6 21.Nxb6 Rad8
22.Bg2 Bf8 23.Na4 Rc8 24.Qxh7  1-0

[Event "Hamburg ch"]
[Site "Hamburg"]
[Date "1997.??.??"]
[Round "3"]
[White "Bach, Matthias"]
[Black "Kroencke, Manfred"]
[Result "1/2-1/2"]
[WhiteElo "2305"]
[BlackElo "2185"]

1.d4 d5 2.c4 e6 3.Nf3 Nf6 4.g3 Be7 5.Bg2 O-O 6.O-O Nbd7 7.Ne5 c6 8.b3 Nxe5
9.dxe5 Nd7 10.Bb2 Qc7 11.cxd5 Nxe5 12.dxc6 Nxc6 13.Na3 Rd8 14.Qc2 Bd7 15.Rac1 Be8
16.Qb1 Rac8 17.Qa1 f6 18.Nc4 Qb8 19.a3 b5 20.Ne3 Na5 21.b4 Rxc1 22.Bxc1 Nb3
23.Qa2 Nd4 24.Rd1 Bf7 25.Bb2 Nf5 26.Rxd8+ Qxd8 27.Nxf5 Qd1+ 28.Bf1 exf5 29.Qa1 Qxa1
30.Bxa1 Bc4 31.Bd4 a6 32.Bh3 g6 33.Kf1 Bd8 34.Bg2 a5 35.bxa5 Bxa5 36.Bxf6 b4
37.axb4 Bxb4 38.Bd4 Kf7 39.Bb7 Bd2 40.f3 Ke6 41.Kf2 Kf7 42.e4 fxe4 43.fxe4 Ke6
44.Bc8+ Kf7 45.Kf3 Bc1 46.Bb7 Ke6 47.Ba8 Bb3 48.Ke2 Bc4+ 49.Kd1 Ba3 50.Kd2 Bb4+
51.Ke3 Bf8 52.Bc3 Ba2 53.Bb7 Bh6+ 54.Kd3 Kd6 55.e5+ Kc7 56.Bf3 Kd7 57.Kd4 Be6
58.g4 Ke7 59.Ke4 Kf7 60.h3 Bf8 61.Kd4 Ba3 62.Bd5 Bf8 63.Kc4 Be7 64.Bd4 Ba3
65.Bc5 Bb2 66.Bd6 Bc1 67.Kc5 Bg5 68.Kc6 h5 69.gxh5 gxh5 70.Bc5 Bh4 71.Be3 Be7
72.Bf2 h4 73.Be3 Bd8 74.Kc5 Bb6+ 75.Kd6 Bxd5 76.Bxb6 Be6  1/2-1/2

[Event "Wichern op"]
[Site "Hamburg"]
[Date "1997.??.??"]
[Round "8"]
[White "Hochgraefe, Markus"]
[Black "Grabliauskas, Virginijus"]
[Result "1/2-1/2"]
[WhiteElo "2290"]
[BlackElo "2445"]

1.c4 e6 2.g3 d5 3.Bg2 Nf6 4.Nf3 Be7 5.d4 O-O 6.O-O dxc4 7.Ne5 Nc6 8.Bxc6 bxc6
9.Nxc6 Qd6 10.Qa4 Bb7 11.Nxe7+ Qxe7 12.Qxc4 Rfd8 13.Nc3 Rac8 14.Qc5 Qd7 15.Bg5 Qxd4
16.Qxd4 Rxd4 17.Bxf6 gxf6 18.Rfd1 Rcd8 19.Rxd4 Rxd4 20.Kf1 Kf8 21.Ke1 Ke7
22.Rc1 Rb4 23.b3 Bc6 24.Nd1 Kd6 25.Nb2 Bd5 26.Kd2 e5 27.Rc3  1/2-1/2

[Event "Hawaii op"]
[Site "Hawaii"]
[Date "1997.??.??"]
[Round "1"]
[White "Ippolito, Dean"]
[Black "Burnett, Ronald"]
[Result "0-1"]
[WhiteElo "2280"]
[BlackElo "2435"]

1.d4 Nf6 2.c4 e6 3.g3 d5 4.Nf3 Be7 5.Bg2 O-O 6.O-O b6 7.Qb3 Bb7 8.Rd1 a5
9.Nc3 a4 10.Qc2 dxc4 11.Bg5 Nc6 12.Ne5 Nxd4 13.Qc1 Bxg2 14.Kxg2 Ra5 15.Nf3 c5
16.e3 Qa8 17.exd4 cxd4 18.Rxd4 Rf5 19.Bf4 e5 20.Rxc4 a3 21.Qc2 g6 22.Re1 exf4
23.Rxe7 fxg3 24.Ne4 gxf2 25.Qxf2 axb2 26.Nxf6+ Rxf6 27.Rb4 Rxf3 28.Qxf3 b1=Q
29.Qxa8 Qc2+  0-1

[Event "Helsinki We Ilves"]
[Site "Helsinki"]
[Date "1997.??.??"]
[Round "2"]
[White "Veingold, Aleksandr"]
[Black "Norri, Joose"]
[Result "1-0"]
[WhiteElo "2460"]
[BlackElo "2430"]

1.d4 Nf6 2.Nf3 d5 3.c4 e6 4.g3 Be7 5.Bg2 O-O 6.O-O dxc4 7.Qc2 a6 8.a4 c5
9.dxc5 Nc6 10.Na3 c3 11.Qxc3 Ne4 12.Qc2 Nxc5 13.Rd1 Bd7 14.Bd2 Qb6 15.Nc4 Qb3
16.Qc1 Nxa4 17.Rxa4 Qxa4 18.Nb6 Qb5 19.Nxd7 Rfd8 20.Bc3 Qxe2 21.Nd4 Nxd4
22.Rxd4 Rac8 23.Bf1 Qh5 24.Qd2 Qg5 25.Qd1 h5 26.h4 Qh6 27.Bd2 Qg6 28.Bd3 f5
29.Ba5 Re8 30.Be2 f4 31.Bxh5 Qf5 32.Bxe8 Qxa5 33.Bg6 fxg3 34.fxg3 Qb5 35.Qd2 e5
36.Rd5 Qb3 37.Kh2 Bb4 38.Qg2 Be1 39.Rd3 Qa4 40.Qd5+ Kh8 41.Nxe5  1-0

[Event "Helsinki-ch"]
[Site "Helsinki"]
[Date "1997.??.??"]
[Round "3"]
[White "Parkkinen, Jyrki"]
[Black "Kokkila, Tero"]
[Result "0-1"]
[WhiteElo "2155"]
[BlackElo "2270"]

1.Nf3 e6 2.c4 Nf6 3.g3 d5 4.Bg2 Be7 5.d4 O-O 6.O-O Nbd7 7.Qc2 a6 8.Bf4 dxc4
9.Qxc4 Nd5 10.Rd1 Nxf4 11.gxf4 b5 12.Qc1 Bb7 13.Ne5 Bxg2 14.Kxg2 Nxe5 15.dxe5 Qc8
16.Qc6 Rb8 17.Rc1 Qd8 18.Qxc7 Qd5+ 19.Kg1 Bh4 20.Nc3 Qd2 21.Ne4 Qxe2 22.Ng3 Qxb2
23.Qc3 Qxc3 24.Rxc3 b4 25.Rc6 a5 26.Ne4 Rfc8 27.Rac1 Rxc6 28.Rxc6 a4 29.Nc5 g5
30.Nxa4 Ra8 31.Nc5 Rxa2 32.Ne4 gxf4 33.Kg2 Ra3 34.Rb6 Rb3 35.Nc5 Rc3 36.Ne4 f3+
37.Kh3 Rc4 38.Nd2 Rf4 39.Rb5 Bxf2 40.Rb8+ Kg7 41.Rxb4 Rxb4 42.Ne4 Be1  0-1